000 00530nmm a2200169Ia 4500
008 251105s9999||||xx |||||||||||||||||und||
020 _a9788416095582
041 _aspa
100 _aNumhauser Tognola, Jacobo
245 0 _aFreud por Freud : índices temáticos de sus obras completas en español
264 _a[Madrid, España] :
_bBiblioteca Nueva,
_c2014
300 _a424 páginas
490 _aBiblioteca Sigmund Freud
650 _aPsychology
856 _uhttps://public.digitaliapublishing.com/a/38150
942 _cCF
999 _c77237
_d77237